Normal view MARC view
  • Mel M Schwartz

Entry Personal Name

Number of records used in: 13

001 - CONTROL NUMBER

  • control field: 52095

003 - CONTROL NUMBER IDENTIFIER

  • control field: NUST

005 - DATE AND TIME OF LATEST TRANSACTION

  • control field: 20210421115311.0

008 - FIXED-LENGTH DATA ELEMENTS

  • fixed length control field: 210421|| aca||aabn | a|a d

040 ## - CATALOGING SOURCE

  • Original cataloging agency: NUST
  • Transcribing agency: NUST

100 ## - HEADING--PERSONAL NAME

  • Personal name: Mel M Schwartz

670 ## - SOURCE DATA FOUND

  • Source citation: Work cat.: (NUST): Mel M Schwartz, Composite Materials Vol ii Processing ,Fabrication and applications, 1997
© 2023 Central Library, National University of Sciences and Technology. All Rights Reserved.